00433 2200157 4500001002100000008004100021035002000062245004700082100001700129260004500146300002700191020001900218084001600237082001000253990001200263INLIS000000000001407 Ind  a0010-0924000004 aEnsiklopedia Pengetahuan DesacReza Camara aCamara, Reza aJakartabPT. Educarindo Compumediac2016 a136 hlm.c17,5 x 25 cm a978-979-3901-4 a300.3 REZ e a300.3 a0750908